Central Library OPAC University of Rajshahi

Easy Quicken 2004 / (Record no. 77229)

MARC details
000 -LEADER
fixed length control field 01042nam a2200325 a 4500
001 - CONTROL NUMBER
control field 77229
003 - CONTROL NUMBER IDENTIFIER
rucl marc code BD-RjUL
005 - DATE AND TIME OF LATEST TRANSACTION
control field 20211209082939.0
008 - FIXED-LENGTH DATA ELEMENTS--GENERAL INFORMATION
fixed length control field 200205s2004 inua s 001 0 eng d
020 ## - INTERNATIONAL STANDARD BOOK NUMBER
International Standard Book Number 0789730731 (Online version)
035 ## - SYSTEM CONTROL NUMBER
System control number (OCoLC)ocm55200071
040 ## - CATALOGING SOURCE
Original cataloging agency BUF
Transcribing agency BUF
Modifying agency OCLCQ
-- DLC
Language of cataloging eng
041 ## - LANGUAGE CODE
Language code of text/sound track or separate title eng
042 ## - AUTHENTICATION CODE
Authentication code lccopycat
082 04 - DEWEY DECIMAL CLASSIFICATION NUMBER
Classification number 332.0240028553
Edition number 22
100 1# - MAIN ENTRY--PERSONAL NAME
Personal name Kinkoph, Sherry.
9 (RLIN) 240367
245 10 - TITLE STATEMENT
Title Easy Quicken 2004 /
Statement of responsibility, etc. Sherry Kinkoph.
246 14 - VARYING FORM OF TITLE
Title proper/short title Easy Quicken 2004 : see it done, do it yourself
Title proper/short title Quicken 2004
260 ## - PUBLICATION, DISTRIBUTION, ETC. (IMPRINT)
Place of publication, distribution, etc. Indianapolis, IN :
Name of publisher, distributor, etc. Que,
Date of publication, distribution, etc. c2004.
300 ## - PHYSICAL DESCRIPTION
Pagination ix, 248 p. :
Illustrations col. ill. ;
Size 26 cm.
500 ## - GENERAL NOTE
General note Includes index.
650 #0 - SUBJECT ADDED ENTRY--TOPICAL TERM
Topical term or geographic name as entry element Finance, Personal
General subdivision Computer programs.
9 (RLIN) 240368
Topical term or geographic name as entry element Investments
General subdivision Computer programs.
9 (RLIN) 240369
710 2# - ADDED ENTRY--CORPORATE NAME
Corporate name or jurisdiction name as entry element Safari Tech Books Online (Firm)
9 (RLIN) 117590
856 41 - ELECTRONIC LOCATION AND ACCESS
Public note Online access:
Uniform Resource Identifier <a href="http://proquest.safaribooksonline.com/0789730731">http://proquest.safaribooksonline.com/0789730731</a>
942 ## - ADDED ENTRY ELEMENTS (KOHA)
Source of classification or shelving scheme Dewey Decimal Classification
Koha item type Books
Holdings
Lost status Source of classification or shelving scheme Damaged status Not for loan Permanent Location Current Location Shelving location Date acquired Source of acquisition Cost, normal purchase price Total Checkouts Full call number Date last seen Copy number Koha item type
  Dewey Decimal Classification   Not For Loan Central Library, University of Rajshahi Central Library, University of Rajshahi Reading Room 02/03/2020 American Center Library, Dhaka 14.99   332.0240028553 KIE 2004 04/03/2020 C-1 Books